Normal view
MARC view
Entry Personal Name
001 - CONTROL NUMBER
- control field: 5561
003 - CONTROL NUMBER IDENTIFIER
- control field: HDC
005 - DATE AND TIME OF LATEST TRANSACTION
- control field: 20230624073217.0
008 - FIXED-LENGTH DATA ELEMENTS
- fixed length control field: 210120|| aca||aabn | a|a d
040 ## - CATALOGING SOURCE
- Original cataloging agency: HDC
- Transcribing agency: HDC
100 ## - HEADING--PERSONAL NAME
- Personal name: Fernando, Yudi
670 ## - SOURCE DATA FOUND
- Source citation: Work cat.: (HDC): Fernando, Yudi author, Location, Star Rating And Internatonal Chain Ssociated With The Hoteliers Intention For Not Applying The Halal Logo Certification / by , 2008
